000 00541nam a2200181 a 4500
005 20210223120633.0
008 991125s1992 mx 000 0 spa u
020 _a9682941830
035 _aUPN01000004738
049 _aI
050 4 _aPZ83
_bP5.38
100 1 _aPinsky, Mirna
245 1 0 _aAsombramientos :
_bcuentos /
_ctextos Mirna Pinsky ; il. Elena Alexandrino ; tr. Francisco Hernández Avilés.
260 _aMéxico :
_bSEP,
_c1992.
300 _a68 p. :
_bil.
650 4 _aCUENTOS INFANTILES BRASILEÑOS
_912222
905 _aInfantil
999 _c4738
_d4738